Divina herida

Guardado en:
Bibliografiske detaljer
Hovedforfatter: Ospina de Fonseca, Helena
Format: Bog
Sprog:Undetermined
Udgivet: San José, Costa Rica Ediciones Promesa 1999
Fag:
Tags: Tilføj Tag
Ingen Tags, Vær først til at tagge denne postø!

MARC

LEADER 00000nam a2200000Ia 4500
008 170316s9999 xx 000 0 und d
040 |a cru BVZT 
090 |a 868 O-7dh 
100 |a Ospina de Fonseca, Helena 
245 |a Divina herida 
260 |a San José, Costa Rica 
260 |b Ediciones Promesa 
260 |c 1999 
300 |a 95 páginas (páginasoesía nº39) 
650 |a LITERATURA COSTARRICENSE 
650 |a POESÍA COSTARRICENSE 
999 |c 11396  |d 11396 
942 |c 15 D  |h 868 O-7dh  |2 z